01029cam a2200253 45000010005000000030008000050050017000130080039000300350018000690400023000870410008001100820021001181000032001392450332001712500013005032600050005163000034005665040031006005200019006315260014006506500026006646500041006907000044007315099BD-RjUL20211208234016.0131224s19691942ilub b 001 0 eng a(BD-RjUL)5135 aDLCcDLCdDLCbeng aeng00a364.36bSHJ 19691 aShaw, Clifford Robe,d1896-10aJuvenile delinquency and urban areas :ba study of rates of delinquency in relation to differential characteristics of local communities in American cities /cby Clifford R. Shaw and Henry D. McKay. With a new introd. by James F. Short, Jr., and new chapters updating delinquency data for Chicago and suburbs by Henry D. McKay. aRev. ed. aChicago :bUniversity of Chicago Press,c1969 aliv, 394 p. :bill. ;c24 cm. aBibliographical footnotes. aIncludes index bEconomics 0aJuvenile delinquency. 0aJuvenile delinquencyzUnited States.1 aMcKay, Henry D.q(Henry Donald),d1899-